000 01240cam a2200301 a 4500
005 20160218155739.0
008 040310s1999 ck a gr 00010 spa d
015 _ack-1999-xxxx
020 _a9589673201
040 _ala
_cla
_dCO-BoIAVH
041 0 _aspa
043 _as-ck---
082 0 4 _a333.91
_bF85u
110 2 _aFundación Herencia Verde
_c(Armenia)
245 1 0 _aUnidades de paisaje en el alto Quindío /
_cFundación Herencia Verde ; Análisis realizado por Juan Carlos Camargo G., Pedro Lorenzo Burgos Grajales.
260 _a[Armenia] :
_bFundación Herencia Verde,
_c1999.
300 _a59 p. :
_bil. ;
_c28 cm.
650 _aConservación de los recursos naturales
_z Quindío (Colombia)
650 6 _aCuencas hidrográficas
_z Quindío (Colombia)
650 _aProtección del medio ambiente
_z Quindío (Colombia)
650 6 _aConservación del agua
_z Quindío (Colombia)
650 _aConservación de bosques
_z Quindío (Colombia)
651 0 _aRío Quindío
_z Quindío (Colombia)
_x Aspectos ambientales.
700 1 _aCamargo G., Juan Carlos.
700 1 _aBurgos Grajales, Pedro Lorenzo.
942 _2ddc
_cLIBRO
949 _ac
_bc
999 _c1519
_d1519